00525nam a2200169 a 45000010005000000030009000050080041000140400028000550820016000831000051000992450043001502600068001933000010002614900024002716500037002956500023003326184CO-ViMGA141112s2004 ck r 000 u spa d aCO-ViMGAbspacCO-ViMGA04a343.04 C6561 aColombia. Ministerio de Justicia y del Derecho10aReforma tributaria : bley 223 de 1995 aSantafé de Bogotá : bImprenta Nacional de Colombia, c1995 a166 p aTextos oficiales, 614aDERECHO TRIBUTARIO - LEGISLACION14aREFORMA TRIBUTARIA